000 00283nam a22001337a 4500
008 170630b xxu||||| |||| 00| 0 eng d
020 _a0385055498
041 _aeng
080 _a82
100 _a22
101 _aGJL
245 _aTHE SILENT LANGUAGE
_cHALL,E.T
942 _2udc
_cBK
999 _c19747
_d19747